书目信息 |
| 题名: |
毛泽东与莫斯科的恩恩怨怨
|
|
| 作者: | 杨奎松 著 | |
| 分册: | ||
| 出版信息: | 南昌 江西人民出版社 |
|
| 页数: | 567页 | |
| 开本: | 32开 | |
| 丛书名: | ||
| 单 册: | ||
| 中图分类: | A752 | |
| 科图分类: | ||
| 主题词: | 毛泽东--生平事迹 , 毛泽东--传记 | |
| 电子资源: | ||
| ISBN: | 7-210-02127-2 | |
| 000 | 00588nam0 2200205 45 | |
| 001 | 0011091750 | |
| 005 | 20001109172918.4 | |
| 010 | @a7-210-02127-2@d29.80元 | |
| 100 | @a20001109d km y0chiy0120 ea | |
| 101 | 0 | @achi |
| 105 | @a z 000yy | |
| 200 | 1 | @a毛泽东与莫斯科的恩恩怨怨@AMao Ze Dong Yu Mo Si Ke De En En Yuan Yuan@f杨奎松著@FYang Kui Song Zhu |
| 210 | @a南昌@c江西人民出版社 | |
| 215 | @a567页@d32开 | |
| 606 | 0 | @a毛泽东@x生平事迹 |
| 606 | 0 | @a毛泽东@x传记 |
| 690 | @aA752@v3 | |
| 701 | 0 | @a杨奎松@4著 |
| 801 | @aCN@bPftUser@c20001109 | |
| 905 | @b400316@dA752@eY760@f1 | |
| 毛泽东与莫斯科的恩恩怨怨/杨奎松著.-南昌:江西人民出版社 |
| 567页;32开 |
| ISBN 7-210-02127-2:29.80元 |
| ● |
| 相关链接 |
|
|
|
正题名:毛泽东与莫斯科的恩恩怨怨
索取号:A752/Y760
 
预约/预借
| 序号 | 登录号 | 条形码 | 馆藏地/架位号 | 状态 | 备注 |
| 1 | 400316 | 204003167 | 社科库509/509社科库 3排2列1层/ [索取号:A752/Y760] | 在馆 |